Normal view
MARC view
- Fatima, Sana
Entry Personal Name
001 - CONTROL NUMBER
- control field: 16268
003 - CONTROL NUMBER IDENTIFIER
- control field: NUST
005 - DATE AND TIME OF LATEST TRANSACTION
- control field: 20190702053034.0
008 - FIXED-LENGTH DATA ELEMENTS
- fixed length control field: 190702|| aca||aabn | a|a d
040 ## - CATALOGING SOURCE
- Original cataloging agency: NUST
- Transcribing agency: NUST
100 ## - HEADING--PERSONAL NAME
- Personal name: Fatima, Sana
670 ## - SOURCE DATA FOUND
- Source citation: Work cat.: (NUST): Fatima, Sana, Automation & Analysis of Chest X- Ray and Microscopy Image Detection for Tubercu osis /, 2017.
